Property Litigation Association (Record no. 120622)

MARC details
000 -LEADER
fixed length control field 01089cai a22001935a 4500
001 - CONTROL NUMBER
control field L140077
008 - FIXED-LENGTH DATA ELEMENTS--GENERAL INFORMATION
fixed length control field 070904u xxk g 000 0 eng d
035 ## - SYSTEM CONTROL NUMBER
System control number (Sirsi) u140077
041 0# - LANGUAGE CODE
Language code of text/sound track or separate title eng
110 2# - MAIN ENTRY--CORPORATE NAME
Corporate name or jurisdiction name as entry element Property Litigation Association
9 (RLIN) 4147
240 ## - UNIFORM TITLE
Uniform title PLA
Medium [electronic resource]
245 ## - TITLE STATEMENT
Title Property Litigation Association
520 ## - SUMMARY, ETC.
Summary, etc. The PLA is a members' organisation for legal professionals specialising in all aspects of commercial, residential and agricultural property litigation. This includes the resolution of contentious property matters (including professional negligence claims relating to property transactions and advice) by means of litigation and other forms of dispute resolution. The definition excludes matters relating to planning and construction.
610 24 - SUBJECT ADDED ENTRY--CORPORATE NAME
Corporate name or jurisdiction name as entry element Property Litigation Association
9 (RLIN) 4147
651 #4 - SUBJECT ADDED ENTRY--GEOGRAPHIC NAME
Geographic name United Kingdom
Chronological subdivision 1973-
690 ## - LOCAL SUBJECT ADDED ENTRY--TOPICAL TERM (OCLC, RLIN)
Topical term or geographic name as entry element MANAGEMENT-DISPUTE AVOIDANCE, MANAGEMENT AND RESOLUTION-DISPUTE MANAGEMENT AND RESOLUTION
856 40 - ELECTRONIC LOCATION AND ACCESS
Uniform Resource Identifier <a href="https://www.pla.org.uk/">https://www.pla.org.uk/</a>
Public note View this website free of charge at www.pla.org.uk...
942 ## - ADDED ENTRY ELEMENTS (KOHA)
Suppress in OPAC 0
Source of classification or shelving scheme Dewey Decimal Classification
Holdings
Withdrawn status Lost status Source of classification or shelving scheme Damaged status Not for loan Home library Current library Shelving location Date acquired Total Checkouts Full call number Barcode Date last seen Copy number Price effective from Koha item type
    Dewey Decimal Classification     Virtual Virtual Online 04/09/2007   WEB-SITE 140077-1001 06/08/2019 1 06/08/2019 Online material